Vlaggen met Halve Manen - Statistieken

Algemene statistieken
  • Deze quiz is 2.439 keer genomen
  • De gemiddelde score is 16 van 19
Antwoordstatistieken
Foto Antwoord % Correct
Turkije
97%
Kroatië
96%
Iran
95%
Algerije
94%
Nepal
94%
Pakistan
91%
Tunesië
91%
Azerbeidzjan
87%
Maleisië
87%
Moldavië
85%
Singapore
85%
Turkmenistan
85%
Mongolië
81%
Oezbekistan
81%
Libië
79%
Brunei
76%
Maldiven
70%
Mauritanië
67%
Comoren
65%
Geen overeenkomende quizzen gevonden
Scoreverdeling
Procent van Mensen met Elke Score
Percentiel versus Aantal Correcte Antwoorden
Uw Scoregeschiedenis
U heeft deze quiz nog niet genomen